Bienvenue à la E-Bibliothèque de l’UEH

Bénéficiez l'accès à des milliers de ressources en ligne

La lexicographie en ligne contribue-t-elle à une meilleure description du français? : (notice nᵒ 26730)

détails MARC
000 -LEADER
fixed length control field 00888 a2200253 4500
001 - CONTROL NUMBER
control field OJ-linx-9764
003 - CONTROL NUMBER IDENTIFIER
control field FrMaCLE
005 - DATE AND TIME OF LATEST TRANSACTION
control field 20251214085552.0
007 - PHYSICAL DESCRIPTION FIXED FIELD--GENERAL INFORMATION
fixed length control field cu ||||||m||||
008 - FIXED-LENGTH DATA ELEMENTS--GENERAL INFORMATION
fixed length control field 231022e||||||||xx |||||s|||||||||0|fr|d
024 7# - OTHER STANDARD IDENTIFIER
Standard number or code 10.4000/linx.9764
Source of number or code doi
040 ## - CATALOGING SOURCE
Original cataloging agency FR-FrMaCLE
100 1# - MAIN ENTRY--PERSONAL NAME
Personal name Vincent, Nadine
245 10 - TITLE STATEMENT
Title La lexicographie en ligne contribue-t-elle à une meilleure description du français? :
Remainder of title Dictionnaire et culture numérique dans l’espace francophone.
260 ## - PUBLICATION, DISTRIBUTION, ETC.
Date of publication, distribution, etc. 2023
540 ## - TERMS GOVERNING USE AND REPRODUCTION NOTE
Terms governing use and reproduction All rights reserved
650 #4 - SUBJECT ADDED ENTRY--TOPICAL TERM
Topical term or geographic name entry element lexicographie
Topical term or geographic name entry element lexicographie en ligne
Topical term or geographic name entry element description du français
Topical term or geographic name entry element lexicography
Topical term or geographic name entry element French dictionary
Topical term or geographic name entry element on-line lexicography
856 4# - ELECTRONIC LOCATION AND ACCESS
Uniform Resource Identifier <a href="https://journals.openedition.org/linx/9764">https://journals.openedition.org/linx/9764</a>
Link text La lexicographie en ligne contribue-t-elle à une meilleure description du français?

Pas d'exemplaire disponible.

Bibliothèque universitaire de l'UEH
Portail centralisé donnant accès au catalogue, aux ressources numériques et aux productions scientifiques de l’Université d’État d’Haïti.

Plateformes institutionnelles

  • Dépôt institutionnel UEH
  • Revues scientifiques UEH
  • GED institutionnelle
  • UEH enseignement à distance

Contact

  • Adresse : 21 Rue Rivière, Port-au-Prince
  • Email : bibliotheque@ueh.edu.ht
  • Téléphone : +509 22-45-68-43 / 22-45-68-44
  • Heures : Lundi–Vendredi 8h–16h
© 2026 UEH – E-Bibliothèque de l’Université d’État d’Haïti | À propos | Confidentialité | Conditions | Mentions légales | Accessibilité | Plan du site | Contact